000 00413nam a22001097a 4500
008 110627t xxu||||| |||| 00| 0 eng d
010 _aHCMAF108
245 _aHigh Court Misc. Application 290 OF 2007 Paul Nyamarere Vs UEB(In Liquidation)
260 _c2007
500 _aBefore: HON. LADY JUSTICE M.S ARACH-AMOKO
999 _c4109
_d4109